02312nam a2200253Ia 450000500170000000800410001704000440005804100080010208200150011010000320012524201250015724501130028225000540039526000900044930001280053950009220066750500870158950600210167654600480169763000660174565000590181165000500187085601380192020181005113035.0130821s1629 fr fr 1 latsd aCo-BoUCMbspacSandra YazodSandra Yazo0 alat04a222.112201 aFernandes, Bentod1579-164700aTomo segundo [-tercero] de los comentarios y observaciones morales sobre el libro del GénesiscBenito Fernándezyspa10aCommentariorum, atque Obseruationum moralium in Genesim. Tomus secundus [-tertius]cBenedicti Fernandii ...  aNunc secundum prodit [Sale ahora por segunda vez] aLugduni [Lyon] (Francia)bSumptibus Iacobi Cardon [A expensas de Jacobo Cardon]c1629 a2 volúmenes ([20] páginas ; 1070 columnas, [58] páginas ; [30] páginas, 1198 columnas, [68] páginas)c36 x 23 cm. aDetalles físicos: Encuadernación flexible en pergamino. Tapas y lomo con roturas, arrugas, bordes deteriorados y manchas sobre el pergamino, conserva parte de los cierres. Guardas desprendidas, sucias y con anotaciones manuscritas. El V.2 conserva portada impresa en dos tintas, con orla decorativa. Dedicatoria. Versos latinos a la virgen María. Palabras al lector. Versos de elogio al lector y la obra. Licencias y permisos. Privilegio real. Índice inicial. Texto impreso en dos columnas con varios tipos y tamaños de letra. Párrafos marcados en letras mayúsculas. Márgenes amplios. Apostillas marginales. Cenefas y remates. Mayúsculas capitales. Signaturas y reclamos. Cortes decorados. Papel muy manchado, oxidación de tintas. Notorias perforaciones de insectos al final, columnas 370 -376, desprendidas. V.3 ejemplar mútilo, sin portada y algunas páginas iniciales. Colección incompleta0 aComentarios al Génesis: V.2: capítulo 15 – 31 -- V.3: Capítulos 32 – 50  aConsulta en sala aTexto en latín, con expresiones en hebreo 7aBibliavA.T.- GénesisxComentariosxObras anteriores a 1800 7aInterpretación de la bibliaxObras anteriores a 1800 7aHermeneutica biblicaxObras anteriores a 180041uhttp://books.google.com.co/books/ucm?vid=UCM5317978004&printsec=frontcover&redir_esc=y#v=onepage&q&f=falsezDisponible en línea V.2